000 00281 a2200157 4500
001 160768
020 _a
040 _cMagnum
100 _aSouza, Monica de
240 1 0 _aTato
_lpor
245 1 0 _aTato
300 _a15
440 1 _aFTD
697 _aCIÊNCIAS
942 _cBK
999 _c160768
_d160768